'90s Cartoon Theme Songs Quiz Stats

 Plays Quiz Updated Sep 19, 2018

Support Sporcle.
Go Orange.
Score 0/20 Timer 06:00
2 Plays Today
Sample lyrics Cartoon % Correct
[title] / [title] / [title] / Heroes in a half-shell, turtle power!Teenage Mutant Ninja Turtles
90.2%
One is a genius, the other's insane / They're laboratory mice / Their genes have been splicedPinky and the Brain
76.8%
Sugar, spice, and everything nice / These were the ingredients chosen to create the perfect little girlPowerpuff Girls
70.9%
It's time for [title] / And we're zany to the maxAnimaniacs
67.7%
Arabian nights / Like Arabian daysAladdin
66%
We're tiny / We're toony / We're all a little loonyTiny Toon Adventures
65.5%
Please let this be a normal field trip / With the Frizz? No way!The Magic School Bus
60.3%
Daring duck of mystery / Champion of rightDarkwing Duck
54.6%
I wanna be the very best / Like no one ever wasPokémon
52.8%
Goin' on down to [title], gonna have myself a time / Friendly faces everywhere, humble folks without temptationSouth Park
52.7%
Sample lyrics Cartoon % Correct
Life is like a hurricane / Here in DuckburgDucktales
50.2%
Sometimes, some crimes / Go slippin' through the cracks / But these two gumshoes / Are picking up the slackChip 'n Dale Rescue Rangers
26.7%
Fighting evil by moonlight / Winning love by daylightSailor Moon
26.1%
Who's that girl? What's her name? / Is she cool? Is she lame? / Oh, you're talkin' 'bout what's-her-name...Pepper Ann
25.9%
Blue streak, speeds by / [title] / Too fast for the naked eye / [title]Sonic the Hedgehog
24.1%
Super-teen extraordinaire/ [title]! [title!] / Runs around in underwear / [title]! [title]!Freakazoid
23.5%
Dashing and daring / Courageous and caring / Faithful and friendly with stories to shareAdventures of the Gummi Bears
17.4%
Like father, like son / They're always number oneGoof Troop
15.1%
Watch out / 'Cuz here we come / It's been a while but, we're back with styleAlvin and the Chipmunks
10.2%
[title] / Who do you call when you want some pepperoni? / [title] / They're stamping out crime, and you know that ain't baloneySamurai Pizza Cats
7.1%

You're not logged in!

Compare scores with friends on all Sporcle quizzes.
OR
Log In

From the Vault

Old Glory of USA

by gazzso

You're a grand old flag, you're a high flying flag.
Remove Ads.
Support Sporcle.
Get the best of Sporcle when you Go Orange. This ad-free experience offers more features, more stats, and more fun while also helping to support Sporcle. Thank you for becoming a member.

Show Comments

Extras

Top Quizzes Today


Score Distribution

Your Account Isn't Verified!

In order to create a playlist on Sporcle, you need to verify the email address you used during registration. Go to your Sporcle Settings to finish the process.

Report this User

Report this user for behavior that violates our Community Guidelines.

Details: